| 000 | 00352nam a2200121 4500 | ||
|---|---|---|---|
| 999 |
_c13539 _d13539 |
||
| 008 | 190328b ||||| |||| 00| 0 eng d | ||
| 100 |
_937815 _aYap, DJ |
||
| 245 |
_aDuterte in India for summit/ _cDJ Yap |
||
| 260 |
_aPhilippines _bPhilippine Daily Inquirer _cc2018 |
||
| 300 | _apage A6. | ||
| 650 | 0 |
_937816 _aInternational relations. |
|
| 942 |
_2ddc _cPER |
||